| 000 | 00387nam a2200121Ia 4500 | ||
|---|---|---|---|
| 008 | 211119s9999||||xx |||||||||||||| ||und|| | ||
| 082 |
_a891.431 _bMUK-V |
||
| 100 | _aMukesh, | ||
| 245 | 0 | _aVidayalaya-Prarthanayein | |
| 260 |
_bAshu Prakashan _aNew Delhi _c2011 |
||
| 650 |
_aHindi Literature _vHindi FictionEast Indo-European & Celtic literaturesGeneralia _xGeneral stack |
||
| 942 | _cBOOK | ||
| 999 |
_c117228 _d117228 |
||